| 000 | 00438pab a2200169 454500 | ||
|---|---|---|---|
| 008 | 180718b2009 xxu||||| |||| 00| 0 eng d | ||
| 100 | _aGuo, Chao | ||
| 245 | _aGiving and getting: charitable activity and public assistance | ||
| 260 | _c2009 | ||
| 300 | _ap.600-27. | ||
| 362 | _aSep | ||
| 650 | _aNongovernmental organizations | ||
| 700 | _aPeck, Laura R. | ||
| 773 | _aAdministration and Society | ||
| 908 | _aN | ||
| 909 | _a83725 | ||
| 999 |
_c83725 _d83725 |
||